书目信息 |
| 题名: |
水利工程制图
|
|
| 作者: | 栾蓉 , 王红 主编 | |
| 分册: | ||
| 出版信息: | 北京 中国水利水电出版社 2016 |
|
| 页数: | 259页 | |
| 开本: | 26cm | |
| 丛书名: | ||
| 单 册: | ||
| 中图分类: | TV222.1 , TV22 | |
| 科图分类: | ||
| 主题词: | 水利工程--工程制图--职业教育--教材 , 水利工程测量 , 水利工程--设计 | |
| 电子资源: | ||
| ISBN: | 978-7-5170-4030-9 | |
| 000 | 00913nam0 2200277 450 | |
| 001 | 2328773879 | |
| 005 | 20231129080013.50 | |
| 010 | @a978-7-5170-4030-9@dCNY42.00 | |
| 100 | @a20150920d2016 em y0chiy50 ea | |
| 101 | 0 | @achi |
| 102 | @aCN@b110000 | |
| 105 | @aa z 000yy | |
| 200 | 1 | @a水利工程制图@Ashui li gong cheng zhi tu@f栾蓉,王红主编 |
| 205 | @a3版 | |
| 210 | @a北京@c中国水利水电出版社@d2016 | |
| 215 | @a259页@c图@d26cm | |
| 330 | @a本书共分十三章,内容包括:制图基本知识和技能,投影的基本知识,点、直线、平面的投影,基本几何体,轴测图,立体表面交线,组合体的视图画法及尺寸注法,组合体视图识读等。 | |
| 606 | 0 | @a水利工程@x工程制图@x职业教育@j教材 |
| 606 | 0 | @a水利工程测量 |
| 606 | 0 | @a水利工程@x设计 |
| 690 | @aTV222.1@v5 | |
| 690 | @aTV22@v4 | |
| 701 | 0 | @a栾蓉@Aluan rong@4主编 |
| 701 | 0 | @a王红@Awang hong@4主编 |
| 801 | 0 | @aCN@b山东中教@c20231126 |
| 905 | @aBZT@dTV22@e4=3 | |
| 水利工程制图/栾蓉,王红主编.-3版.-北京:中国水利水电出版社,2016 |
| 259页:图;26cm |
| ISBN 978-7-5170-4030-9:CNY42.00 |
| 本书共分十三章,内容包括:制图基本知识和技能,投影的基本知识,点、直线、平面的投影,基本几何体,轴测图,立体表面交线,组合体的视图画法及尺寸注法,组合体视图识读等。 |
| ● |
| 相关链接 |
|
|
|
正题名:水利工程制图
索取号:TV22/4=3
 
预约/预借
| 序号 | 登录号 | 条形码 | 馆藏地/架位号 | 状态 | 备注 |
| 1 | 2001138516 | 2001138516 | 中教(第二批第二书库)/山东中教(第二批)/384/ [索取号:TV22/4=3] | 在馆 | |
| 2 | 2001138517 | 2001138517 | 中教(第二批第二书库)/山东中教(第二批)/384/ [索取号:TV22/4=3] | 在馆 | |
| 3 | 2001138518 | 2001138518 | 中教(第二批第二书库)/山东中教(第二批)/384/ [索取号:TV22/4=3] | 在馆 | |
| 4 | 2001138519 | 2001138519 | 中教(第二批第二书库)/山东中教(第二批)/384/ [索取号:TV22/4=3] | 在馆 | |
| 5 | 2001138520 | 2001138520 | 中教(第二批第二书库)/山东中教(第二批)/384/ [索取号:TV22/4=3] | 在馆 | |
| 6 | 2001138521 | 2001138521 | 中教(第二批第二书库)/山东中教(第二批)/384/ [索取号:TV22/4=3] | 在馆 | |
| 7 | 2001138522 | 2001138522 | 中教(第二批第二书库)/山东中教(第二批)/384/ [索取号:TV22/4=3] | 在馆 | |
| 8 | 2001138523 | 2001138523 | 中教(第二批第二书库)/山东中教(第二批)/384/ [索取号:TV22/4=3] | 在馆 | |
| 9 | 2001138524 | 2001138524 | 中教(第二批第二书库)/山东中教(第二批)/384/ [索取号:TV22/4=3] | 在馆 | |
| 10 | 2001138525 | 2001138525 | 中教(第二批第二书库)/山东中教(第二批)/384/ [索取号:TV22/4=3] | 在馆 | |
| 11 | 2001138526 | 2001138526 | 中教(第二批第二书库)/山东中教(第二批)/384/ [索取号:TV22/4=3] | 在馆 | |
| 12 | 2001138527 | 2001138527 | 中教(第二批第二书库)/山东中教(第二批)/384/ [索取号:TV22/4=3] | 在馆 | |
| 13 | 2001138528 | 2001138528 | 中教(第二批第二书库)/山东中教(第二批)/384/ [索取号:TV22/4=3] | 在馆 | |
| 14 | 2001138529 | 2001138529 | 中教(第二批第二书库)/山东中教(第二批)/384/ [索取号:TV22/4=3] | 在馆 | |
| 15 | 2001138530 | 2001138530 | 中教(第二批第二书库)/山东中教(第二批)/384/ [索取号:TV22/4=3] | 在馆 | |
| 16 | 2001138531 | 2001138531 | 中教(第二批第二书库)/山东中教(第二批)/384/ [索取号:TV22/4=3] | 在馆 | |
| 17 | 2001138532 | 2001138532 | 中教(第二批第二书库)/山东中教(第二批)/384/ [索取号:TV22/4=3] | 在馆 | |
| 18 | 2001138533 | 2001138533 | 中教(第二批第二书库)/山东中教(第二批)/384/ [索取号:TV22/4=3] | 在馆 | |
| 19 | 2001138534 | 2001138534 | 中教(第二批第二书库)/山东中教(第二批)/384/ [索取号:TV22/4=3] | 在馆 | |
| 20 | 2001138535 | 2001138535 | 中教(第二批第二书库)/山东中教(第二批)/384/ [索取号:TV22/4=3] | 在馆 | |
| 21 | 2001138536 | 2001138536 | 中教(第二批第二书库)/山东中教(第二批)/384/ [索取号:TV22/4=3] | 在馆 | |
| 22 | 2001138537 | 2001138537 | 中教(第二批第二书库)/山东中教(第二批)/384/ [索取号:TV22/4=3] | 在馆 | |
| 23 | 2001138538 | 2001138538 | 中教(第二批第二书库)/山东中教(第二批)/384/ [索取号:TV22/4=3] | 在馆 | |
| 24 | 2001138539 | 2001138539 | 中教(第二批第二书库)/山东中教(第二批)/384/ [索取号:TV22/4=3] | 在馆 | |
| 25 | 2001138540 | 2001138540 | 中教(第二批第二书库)/山东中教(第二批)/384/ [索取号:TV22/4=3] | 在馆 | |
| 26 | 2001138541 | 2001138541 | 中教(第二批第二书库)/山东中教(第二批)/384/ [索取号:TV22/4=3] | 在馆 | |
| 27 | 2001138542 | 2001138542 | 中教(第二批第二书库)/山东中教(第二批)/384/ [索取号:TV22/4=3] | 在馆 | |
| 28 | 2001138543 | 2001138543 | 中教(第二批第二书库)/山东中教(第二批)/384/ [索取号:TV22/4=3] | 在馆 | |
| 29 | 2001138544 | 2001138544 | 中教(第二批第二书库)/山东中教(第二批)/384/ [索取号:TV22/4=3] | 在馆 | |
| 30 | 2001138545 | 2001138545 | 中教(第二批第二书库)/山东中教(第二批)/384/ [索取号:TV22/4=3] | 在馆 |